000 00640nam a2200205 a 4500
001 000011367
005 20240412074225.0
008 091016s1997 dr 000 0 spa d
040 _aDO-SdBNP
_bspa
_cBNPHU
082 _aRD861.44
_bS211r
100 1 _aSánchez, Irene
_920483
245 1 0 _aReflejos del alma... /
_cIrene Sánchez.
260 _aSanto Domingo :
_bCollado,
_c1997.
300 _a113 p. :
_bil. ;
_c22 cm.
500 _aIncluye datos biográficos del autor.
590 _aInventariado, 2019 / DG
650 0 _aPoesía dominicana
_966
650 0 _aLiteratura dominicana.
_967
910 _aValidado. Control de calidad BNPHU.
999 _c11074
_d11074